000 00791nas a2200253 4500
001 BR0901599
003 BR-BrBNA
005 20231205112614.0
007 ta
008 230509b bl.|||p| |||| 00| 00por d
040 _aBR-BrBNA
_bpor
_cBiblioteca Nacional de Agricultura
041 _a(Pt)
072 _aK10
100 1 _aNeves, E.J.M.
100 1 _aSantos, A.F. dos
245 1 _aProdução de pupunheira (Bactris gasipaes)para palmito sob diferentes espaçamentos, no litoral do estado do Parana
650 _aPUPUNHA
650 _aPALMITO
650 _aESPAÇAMENTO
650 _aPARANÁ
773 0 _tPesquisa Florestal Brasileira (Brazil)
_xISSN 1809-3647
_g(Jan-Jun 2008), (no. 56) p. 87-95
_wBR0901599
909 _a202311
_bLúcia
_c55
_dLúcia Elande
942 _2AGRIS
_n0
_cANA
999 _c198921
_d198921